| 000 -LEADER |
| fixed length control field |
02225cam a22004217a 4500 |
| 003 - CONTROL NUMBER IDENTIFIER |
| control field |
OSt |
| 005 - DATE AND TIME OF LATEST TRANSACTION |
| control field |
20200310121438.0 |
| 008 - FIXED-LENGTH DATA ELEMENTS--GENERAL INFORMATION |
| fixed length control field |
160805s2013 at ae 001 0 eng |
| 020 ## - INTERNATIONAL STANDARD BOOK NUMBER |
| International Standard Book Number |
9781111128135 |
| 020 ## - INTERNATIONAL STANDARD BOOK NUMBER |
| International Standard Book Number |
9781111308216 |
| 020 ## - INTERNATIONAL STANDARD BOOK NUMBER |
| International Standard Book Number |
1111308217 |
| 040 ## - CATALOGING SOURCE |
| Original cataloging agency |
AU@ |
| Language of cataloging |
eng |
| Transcribing agency |
AU@ |
| Modifying agency |
CUY |
| -- |
PHADU |
| -- |
OCLCF |
| -- |
YDXCP |
| -- |
OCLCQ |
| -- |
DLC |
| 082 04 - DEWEY DECIMAL CLASSIFICATION NUMBER |
| Classification number |
720.284 |
| Edition number |
22 |
| Item number |
HEP |
| 100 1# - MAIN ENTRY--PERSONAL NAME |
| Personal name |
Hepler, Dana J. |
| 245 10 - TITLE STATEMENT |
| Title |
Drafting & design for architecture & construction / |
| Statement of responsibility, etc |
Dana Hepler, Paul Ross Wallach, Donald Hepler. |
| 246 3# - VARYING FORM OF TITLE |
| Title proper/short title |
Drafting and design for architecture and construction |
| 250 ## - EDITION STATEMENT |
| Edition statement |
Ninth Edition. |
| 260 ## - PUBLICATION, DISTRIBUTION, ETC. (IMPRINT) |
| Place of publication, distribution, etc |
Clifton Park, NY : |
| Name of publisher, distributor, etc |
Thomson Delmar Learning, |
| Date of publication, distribution, etc |
©2013. |
| 300 ## - PHYSICAL DESCRIPTION |
| Extent |
xi, 852 pages : |
| Other physical details |
illustrations (some color), plans ; |
| Dimensions |
28 cm. |
| 500 ## - GENERAL NOTE |
| General note |
"Delmar Cengage Learning." |
| 500 ## - GENERAL NOTE |
| General note |
Includes index. |
| 500 ## - GENERAL NOTE |
| General note |
Ed. titles vary: 1st-7th eds. have title: Architecture drafting and design (1965-1998); 8th. ed. has title: Drafting and design for architecture (2006). |
| 505 0# - FORMATTED CONTENTS NOTE |
| Formatted contents note |
pt. 1. Introduction to Architecture -- pt. 2. Architecture Drafting Fundamentals -- pt. 3. Basic Area Design -- pt. 4. Basic Architectural Drawings -- pt. 5. Presentation Methods -- pt. 6. Foundations and Construction Systems -- pt. 7. Framing Systems -- pt. 8. Electrical and Mechanical Design Drawings -- pt. 9. Drawing Management and Support Services. |
| 650 #0 - SUBJECT ADDED ENTRY--TOPICAL TERM |
| Topical term or geographic name as entry element |
Architectural design. |
| 650 #0 - SUBJECT ADDED ENTRY--TOPICAL TERM |
| Topical term or geographic name as entry element |
Architectural drawing. |
| 700 1# - ADDED ENTRY--PERSONAL NAME |
| Personal name |
Hepler, Donald E. |
| 700 1# - ADDED ENTRY--PERSONAL NAME |
| Personal name |
Wallach, Paul Ross. |
| 700 1# - ADDED ENTRY--PERSONAL NAME |
| Personal name |
Hepler, Donald E. |
| Title of a work |
Architecture drafting and design. |
| 700 1# - ADDED ENTRY--PERSONAL NAME |
| Personal name |
Hepler, Dana J. |
| Title of a work |
Drafting and design for architecture. |
| 740 0# - ADDED ENTRY--UNCONTROLLED RELATED/ANALYTICAL TITLE |
| Uncontrolled related/analytical title |
Architecture drafting and design. |
| 740 0# - ADDED ENTRY--UNCONTROLLED RELATED/ANALYTICAL TITLE |
| Uncontrolled related/analytical title |
Drafting and design for architecture. |
| 856 42 - ELECTRONIC LOCATION AND ACCESS |
| Materials specified |
Contributor biographical information |
| Uniform Resource Identifier |
<a href="https://www.loc.gov/catdir/enhancements/fy1701/2016417303-b.html">https://www.loc.gov/catdir/enhancements/fy1701/2016417303-b.html</a> |
| 856 42 - ELECTRONIC LOCATION AND ACCESS |
| Materials specified |
Publisher description |
| Uniform Resource Identifier |
<a href="https://www.loc.gov/catdir/enhancements/fy1701/2016417303-d.html">https://www.loc.gov/catdir/enhancements/fy1701/2016417303-d.html</a> |
| 856 41 - ELECTRONIC LOCATION AND ACCESS |
| Materials specified |
Table of contents only |
| Uniform Resource Identifier |
<a href="https://www.loc.gov/catdir/enhancements/fy1701/2016417303-t.html">https://www.loc.gov/catdir/enhancements/fy1701/2016417303-t.html</a> |
| 906 ## - LOCAL DATA ELEMENT F, LDF (RLIN) |
| a |
7 |
| b |
cbc |
| c |
copycat |
| d |
2 |
| e |
ncip |
| f |
20 |
| g |
y-gencatlg |
| 942 ## - ADDED ENTRY ELEMENTS (KOHA) |
| Source of classification or shelving scheme |
|
| 955 ## - COPY-LEVEL INFORMATION (RLIN) |
| Book number/undivided call number, CCAL (RLIN) |
hh15 2016-08-05 z-processor to USMONO |
| Copy status, CST (RLIN) |
hh15 2016-09-06 to CALM |